| 000 | 00673nam a2200241Ia 4500 | ||
|---|---|---|---|
| 003 | OSt | ||
| 005 | 20220925212908.0 | ||
| 006 | a|||||r|||| 00| 0 | ||
| 007 | ta | ||
| 008 | 220923b |||||||| |||| 00| 0 eng d | ||
| 037 | _cGeneral Book | ||
| 040 |
_aRTL _cRTL _beng |
||
| 041 |
_2eng _aeng |
||
| 082 | _aX:3M24xL70:g(Y), M1 | ||
| 100 |
_aRose Gillian _978577 |
||
| 245 | 0 | _aHegel contra sociology | |
| 260 |
_aLondon _bAthlone _c1981 |
||
| 300 |
_a261p _ccm. |
||
| 500 | _aBibliography p 249-58 | ||
| 650 |
_aEconomic classics V I Lenin _9249120 |
||
| 942 |
_hX:3M24xL70:g(Y), M1 _cGB _2CC |
||
| 999 |
_c561500 _d561500 |
||